Gaming Quiz

Random Gaming Quiz

Characters of Kingdom Hearts Quiz Stats

Quiz not verified by Sporcle

Challenge
Share
Tweet
Embed
Score 0/60 Timer 10:00
0 Plays Today
Description Character % Correct
Keyblade MasterSora
98.7%
Knight DogGoofy
97%
2nd Keyblade MasterRiku
95.8%
Magician DuckDonald Duck
95.6%
Damsel In DistressKairi
93.4%
Jungle manTarzan
93.4%
The KingMickey Mouse
93.3%
Jungle womanJane
89.4%
BonesJack Skellington
86.2%
In WonderlandAlice
85.9%
LionSimba
82.9%
The Little MermaidAriel
82.8%
Arabic Princess (politically correct?)Princess Jasmine
82%
Street RatAladdin
81.6%
The WiseAnsem The Wise
80.8%
Damn Jewel Stealing MonkeyAbu
79.6%
Grand VizerJafar
78.9%
Underworld GodHades
78.6%
Red Haired Got it Memorized?Axel
78.1%
1000 YEARS can give you such a crick in the neck!Genie
76.9%
Simbas DadMufasa
76.7%
Pirates of the Caribbean Jack Sparrow
76.6%
The Furry one's loveBelle
75.4%
SQUALL!!Leon
75.4%
Wonder BoyHercules
75.2%
Asian CrossdresserFa Mulan
75%
Glass SlipperCinderella
73.6%
ChipmunksChip and Dale
73.5%
Magic ManMerlin
72.6%
Bagman, filled with wormsOogie Boogie
72.5%
Description Character % Correct
The Sleeping BeautyAurora
72.3%
Fawn Bambi
72.3%
Protagonist of FFVIICloud Strife
71.6%
Disney BackwardsYen Sid
71.5%
PixieTinkerbell
69.7%
Cursed, Furry, Has Horns?Beast
69.7%
ConscienceJiminy Cricket
69.2%
Ohana!!!Stitch
68.6%
Big man, Big ForkKing Triton
66.9%
The Sky is FALLINGChicken Little
66.6%
BaboonRafiki
66.4%
Cloud's RivalSephiroth
65.7%
Clouds GirlfriendAerith Gainsborough
64.5%
ParrotIago
64.1%
Three Headed MuttCerberus
59.9%
Depressed DonkeyEeyore
57.7%
Pilots airshipsCid
56.4%
Pirates Of The CaribbeanBarbossa
53.9%
Orginization IXDemyx
51%
Red Robed SwordsmanAuron
50.9%
Very First BossDarkside
49.1%
Supposive Leader of Roxas' gangHayner
47.9%
Hidden Orginization XIIIXion
46.7%
Blonde Treasure Hunting PixieRikku
45.5%
Treasure Hunting PixieYuna
41.3%
Leader of the infamous three in the beginning of KH2Seifer
40.7%
Satan Himself Chernabog
34.9%
Pudgy friend of MulanChein Po
33%
Short Quiet of the infamous threeFuu
25.3%
Dark Treasure Hunting PixiePayne
19.7%

You're not logged in!

Compare scores with friends on all Sporcle quizzes.
Join for Free
OR
Log In

You Might Also Like...

Show Comments

Extras

Top Quizzes Today


Score Distribution

Your Account Isn't Verified!

In order to create a playlist on Sporcle, you need to verify the email address you used during registration. Go to your Sporcle Settings to finish the process.

Report this User

Report this user for behavior that violates our Community Guidelines.

Details: